Estatísticas para Frota da Azul

Clique aqui para jogar o quiz

Estatísticas Gerais

  • Esse quiz foi jogado 7 vezes
  • A pontuação média é 4 de 11

Estatísticas das Respostas

QuantidadeAvião% Correto
44Embraer 195
75%
39ATR 72-600
50%
17Grand Caravan EX
50%
47A320neo
25%
6A321neo
25%
5A330-200
25%
5A330-900
25%
2A350-900
25%
2Boeing 737-400F
25%
15Embraer 195-E2
25%
2Pilatus PC-12
25%

Distribuição das Pontuações

Percentil de Números Respondidos

Porcentagem de Pessoas com Cada Pontuação

Sua Pontuação Histórica

Você não jogou esse quiz